Brock's Pokemon - Statistics

General Stats
  • This quiz has been taken 16 times
  • The average score is 12 of 27
Answer Stats
He used it in Answer % Correct
Kanto Geodude
100%
Kanto Onix
100%
Stadium 2 Steelix
86%
Unova Golem
79%
Johto Graveler
79%
Unova Aerodactyl
57%
Stadium Kabuto
57%
Johto Kabutops
57%
Stadium Omanyte
57%
Johto Omastar
57%
Stadium 2 Rhydon
50%
Johto Rhyhorn
50%
Unova Rhyperior
43%
Stadium Vulpix
43%
Stadium Golbat
36%
Stadium Ninetales
36%
Stadium 2 Forretress
29%
Unova Tyranitar
29%
Stadium Dugtrio
21%
Johto Rampardos
21%
Johto Relicanth
21%
Stadium 2 Shuckle
21%
Stadium Cubone
14%
Stadium 2 Heracross
14%
Stadium 2 Ursaring
14%
Stadium 2 Pinsir
7%
Stadium 2 Slowbro
7%
No matching quizzes found
Score Distribution
Percent of People with Each Score
Percentile by Number Answered
Your Score History
You have not taken this quiz